Metodología de la educación física: análisis de la condición física básica en niveles escolares

Gorde:
Xehetasun bibliografikoak
Egile nagusia: Giraldes, Mariano (Egilea)
Formatua: Liburua
Hizkuntza:gaztelania
Argitaratua: Buenos Aires Stadium 1973
Gaiak:
Etiketak: Etiketa erantsi
Etiketarik gabe, Izan zaitez lehena erregistro honi etiketa jartzen!

MARC

LEADER 00000nam a2200000 a 4500
001 UCZ0713
003 CL-VaPUC
008 950809e19730000AG |||||||||||||||||spa|d
082 0 4 |a 371.86  |b GIR  |2 21 
100 |a Giraldes, Mariano  |e author  |9 477267 
245 1 0 |a Metodología de la educación física: análisis de la condición física básica en niveles escolares 
300 |a 364 p 
942 |c BK 
945 |d 19950809 00:00:00  |a mfernand 
260 |a Buenos Aires  |b Stadium  |c 1973 
650 0 |a Educación física  |9 240893 
650 0 |a Educación básica   |9 224933 
650 0 |a Currículo  |9 307290 
650 0 |a Filosofía de la educación   |9 258384 
650 0 |a Métodos de enseñanza  |9 270413 
650 7 |a PROCESOS MOTORES  |2 CL-VaPUC  |9 340290 
650 0 |a Actividades sensoriomotrices   |9 335908 
650 7 |a JUEGO METODO DE ENSEÑANZA  |2 CL-VaPUC  |9 338389 
583 |a last modification  |c 19950809 00:00:00  |k Rodrigo Vera 
999 |c 237622  |d 237620 
952 |0 0  |1 0  |4 0  |6 371_860000000000000_GIR_1973  |7 0  |8 P  |9 247042  |a BIBEDU  |b BIBEDU  |c BIBEDU_PB  |d 2019-11-18  |i 1558544  |o 371.86 GIR 1973  |p 1558544  |r 2024-01-25  |w 2019-11-18  |y BK  |k EFI 
952 |0 0  |1 0  |4 0  |6 371_860000000000000_GIR_1973  |7 0  |8 P  |9 247043  |a BIBEDU  |b BIBEDU  |c BIBEDU_PB  |d 2019-11-18  |i 1558552  |o 371.86 GIR 1973  |p 1558552  |r 2024-01-25  |w 2019-11-18  |y BK  |k EFI 
952 |0 0  |1 0  |4 0  |6 371_860000000000000_GIR_1973  |7 0  |8 P  |9 247044  |a BIBEDU  |b BIBEDU  |c BIBEDU_PB  |d 2019-11-18  |i 1558560  |o 371.86 GIR 1973  |p 1558560  |r 2024-01-25  |w 2019-11-18  |y BK  |k EFI 
952 |0 0  |1 0  |4 0  |6 371_860000000000000_GIR_1973  |7 0  |8 P  |9 247045  |a BIBEDU  |b BIBEDU  |c BIBEDU_PB  |d 2019-11-18  |i 1558579  |l 2  |o 371.86 GIR 1973  |p 1558579  |r 2024-07-05  |s 2024-06-08  |w 2019-11-18  |y BK  |k EFI 
952 |0 0  |1 0  |4 0  |6 371_860000000000000_GIR_1973  |7 0  |8 P  |9 247047  |a BIBEDU  |b BIBEDU  |c BIBEDU_PB  |d 2019-11-18  |i 1558595  |o 371.86 GIR 1973  |p 1558595  |r 2024-01-25  |w 2019-11-18  |y BK  |k EFI 
952 |0 0  |1 0  |4 0  |6 371_860000000000000_GIR_1973  |7 0  |8 P  |9 247048  |a BIBEDU  |b BIBEDU  |c BIBEDU_PB  |d 2019-11-18  |i 1558609  |o 371.86 GIR 1973  |p 1558609  |r 2024-01-25  |w 2019-11-18  |y BK  |k EFI